| Registos Bibliográficos associados ao registo de autoridade |
|
Etiqueta de registo: 00269ncm 2200145 450 001 1829401 003 http://id.bnportugal.gov.pt/bib/catbnp/1829401 100 ## $a20130129f189 k y0pory01030103ba 101 0# $afre 102 ## $aFR 200 1# $aVariations en Ut mineur$bMúsica impressa]$fGabriel Pierné, op. 42 210 #9 $aParis$cJ. Hamelle,$d[189-] 215 ## $aPartitura (38 p.)$d34 cm 301 ## $aN.º de chapa: J. 6965 H. 317 ## $aProv. FCG (V.M. 8503)$5PTBN: V.M. 2886 317 ## $aProv.: Instituto Branco Rodrigues$5PTBN: M.P. 3186//13 A. 500 10 $aVariações,$rpf,$sop. 42,$udó menor 606 ## $aMúsica para piano$zSéc. 19-20$j[Música impressa]$2SIPOR$31313660 675 ## $a78.083$vBN$zpor$3519108 675 ## $a786.2(=1:44)$vBN$zpor$31669103 675 ## $a78.089.6$vBN$zpor$3536969 700 #1 $aPierné,$bGabriel,$f1863-1937$3240137 703 #1 $aMota,$bJosé Viana da,$f1868-1948$4390$385991 712 02 $aJ. Hamelle$c(Editor de música)$4650$31387991 712 02 $aFundação Calouste Gulbenkian$4390$310631 801 #0 $aPT$bBN$gRPC 966 ## $lBN$mMUSICA$sM.P. 3186//13 A. 966 ## $lBN$mMUSICA$pFCG$sV.M. 2886
Etiqueta de registo: 00269ncm 2200145 450 001 1822798 003 http://id.bnportugal.gov.pt/bib/catbnp/1822798 100 ## $a20121107d18 k y0pory01030103ba 101 0# $afre 102 ## $aFR 200 1# $aQuinze pièces pour le piano$bMúsica impressa]$fpar G. Pierné, oeuv. 3 210 #9 $aParis$cAlphonse Leduc,$d[18--] 215 ## $aPartitura em 15 partes$d35 cm 301 ## $aN.º de chapa: A. L. 7730-78009-7715 317 ## $aProv.: Instituto Branco Rodrigues$5PTBN: M.P. 3111//2 A. -// 3 A. - //4 A. 317 ## $aProv.: Doação Maria Aurora Sequeira$5PTBN: M.P. 3897 A. e M.P. 3976 A. 327 1# $an.º 3: Fantasmagorie,$an.º 9: Menuet vif,$an.º 13: Valse 500 10 $aPeças,$rpf,$sop. 3 606 ## $aMúsica para piano$zSéc. 19-20$j[Música impressa]$2SIPOR$31313660 675 ## $a786.2$vBN$zpor$3295835 675 ## $a78.089.6$vBN$zpor$3536969 700 #1 $aPierné,$bGabriel,$f1863-1937$3240137 712 02 $aAlphonse Leduc$c(editor de música)$4650$3147426 801 #0 $aPT$bBN$gRPC 966 ## $lBN$mMUSICA$sM.P. 3897 A.$x3 966 ## $lBN$mMUSICA$sM.P. 3976 A.$x3 966 ## $lBN$mMUSICA$sM.P. 3111//2 A. 966 ## $lBN$mMUSICA$sM.P. 3111//3 A. 966 ## $lBN$mMUSICA$sM.P. 3111//4 A.
Etiqueta de registo: 00230ncm 2200025 450 001 1722657 003 http://id.bnportugal.gov.pt/bib/catbnp/1722657 100 ## $a20120810d18 k y0pory01030103ba 101 0# $afre 102 ## $aFR 200 1# $aÉtude de concert pour piano$bMúsica impressa]$fpar Gabriel Pierné, op. 13 210 #9 $aParis$cAlphonse Leduc,$d[18--] 215 ## $aPartitura (11 p.)$d35 cm 301 ## $aNº de chapa: A.L. 7834 317 ## $aProv.: Instituto Branco Rodrigues$5PTBN: M.P. 3004 A., M.P. 3070 A. 317 ## $aProv.: Doação de Maria Aurora Sequeira$5PTBN: M.P. 4403 A. 500 10 $aEstudos$rpf$sop. 13 606 ## $aMúsica para piano$zSéc. 18-19$j[Música impressa]$2SIPOR$31153601 675 ## $a786.2$vBN$zpor$3295835 675 ## $a78.089.6$vBN$zpor$3536969 700 #1 $aPierné,$bGabriel,$f1863-1937$3240137 801 #0 $aPT$bBN$gRPC 966 ## $lBN$mMUSICA$sM.P. 3004 A.$x3 966 ## $lBN$mMUSICA$sM.P. 3070 A.$x3 966 ## $lBN$mMUSICA$sM.P. 4403 A. $x3 997 ## $aBIBEOD
Etiqueta de registo: 00269ncm 2200145 450 001 1579022 003 http://id.bnportugal.gov.pt/bib/catbnp/1579022 100 ## $a20070320d1931 k y0pory0103 ba 101 0# $afre 102 ## $aDK 105 ## $ag z 000yy 106 ## $ar 200 1# $aDivertissements Sur un Théme Pastoral$bMúsica impressa]$fGabriel Pierné 210 #9 $aParis$cEditions Salabert,$d1931 215 ## $aPartitura ([2] 62 p.)$d19 cm 301 ## $aN.º de Chapa: E. A. S. 7669 317 ## $aProv.: Espólio Frederico de Freitas,ex. I.P.P.C.$5PTBN: 374 P. 500 10 $aDivertimentos$rorq$sOp. 49 606 ## $aMúsica para orquestra$zSéc. 20$j[Música impressa]$2SIPOR$31211901 675 ## $a78.089.6$vBN$zpor$3536969 675 ## $a785.1$vBN$zpor$3415359 700 #1 $aPierné,$bGabriel,$f1863-1937$3240137 702 #1 $aFreitas,$bFrederico de,$f1902-1980$4390$343209 712 01 $aPortugal.$bInstituto Português do Património Cultural.$bDepartamento de Musicologia$4390$3285717 801 #0 $aPT$bBN$gRPC 966 ## $lBN$mMUSICA$sM.P. 374 P. $x6
Etiqueta de registo: 01098cam 2200265 450 001 641013 003 http://id.bnportugal.gov.pt/bib/catbnp/641013 100 ## $a19970205d1908 k y0pory01030103ba 101 0# $afre 102 ## $aFR 200 1# $aManuel de pédagogie musicale$epratique$fpar J. Bayer 210 #9 $aParis$cÉmile Leduc$cP. Bertrand,$dCop. 1908 215 ## $a2 v.$d22 cm 317 ## $aPert.: ms. "De Ernesto Vieira 4304 - 2913"$5PTBN: M. 1243 V. 317 ## $aPert.: ms. "De Ernesto Vieira 4304 - 2941"$5PTBN: M. 1244 V. 327 1# $a1º v.: Pédagogie orale : leçons au tableau noir. - [6], 113 p. : not. mus$a2º v.: Pédagogie écrite : compositions écrites / avec lettre-préface de M. Gabriel
Piérne. - Pag. var 675 ## $a78(076)$vBN$zpor$3310028 675 ## $a37.013(469)$vBN$zpor$3357607 700 #1 $aBayer,$bJosef,$f1852-1913$385953 702 #1 $aVieira,$bErnesto,$f1848-1915$4390$354604 702 #1 $aPierné,$bGabriel,$f1863-1937$4080$3240137 801 #0 $aPT$bBN$gRPC 856 40 $2Cópia digital disponível na Internet Archive (v. 1)$uhttps://archive.org/details/BSG_8VSUP4194_1/page/n5/mode/2up 856 40 $2Cópia digital disponível na Internet Archive (v. 2)$uhttps://archive.org/details/manueldepdagogie02baye/page/n5/mode/2up 966 ## $d1º v.$lBN$mMUSICA$nPert.: Ernesto Vieira 4304-2913$sM. 1243 V.$x2 966 ## $d2º v.$lBN$mMUSICA$nPert.: Ernesto Vieira 4304-2941$sM. 1244 V.$x2 997 ## $aBIBEOD
Etiqueta de registo: 00269ncm 2200145 450 001 1828115 003 http://id.bnportugal.gov.pt/bib/catbnp/1828115 100 ## $a20130115f18 k y0pory01030103ba 101 0# $afre 102 ## $aFR 200 1# $aAlbum pour mes petits amis$bMúsica impressa]$fGabriel Pierné, op. 14, n.º2 210 #9 $aParis$cAlphonse Leduc,$d[18--] 215 ## $aPartitura (5 p.)$d33 cm 301 ## $aN.º de chapa: A. L. 7872 317 ## $aProv.: Instituto Branco Rodrigues$5PTBN: M.p. 3165//3 A. 327 1# $an.º2: Farandole 500 10 $aPeças,$rpf,$sop. 14, n.º2 606 ## $aMúsica para piano$zSéc. 19-20$j[Música impressa]$2SIPOR$31313660 675 ## $a786.2$vBN$zpor$3295835 675 ## $a78.089.6$vBN$zpor$3536969 700 #1 $aPierné,$bGabriel,$f1863-1937$3240137 712 02 $aAlphonse Leduc$c(editor de música)$4650$3147426 801 #0 $aPT$bBN$gRPC 966 ## $lBN$mMUSICA$sM.P. 3165//3 A.
Etiqueta de registo: 00269ncm 2200145 450 001 1888745 003 http://id.bnportugal.gov.pt/bib/catbnp/1888745 100 ## $a20141111f19 k y0pory01030103ba 101 0# $afre 102 ## $aFR 200 1# $a La rieuse$bMúsica impressa]$econte en prose$fparoles de Catulle Mendès, musique de G. Pierné 210 #9 $aParis$cAlphonse Leduc,$d[19--] 215 ## $aPartitura (5 p.)$d36 cm 300 ## $aCapa ilustrada e assinada por L. Denis 301 ## $aN.º de chapa: A.I. 8081 317 ## $aProv.: Doação Madalena Furtado$5PTBN: M.P. 4655 A. 500 10 $a La rieuse,$rV, pf 606 ## $aMúsica para canto e piano$zSéc. 19-20$j[Música impressa]$2SIPOR$31152548 675 ## $a784:786.2$vBN$zpor$3519118 675 ## $a78.089.6$vBN$zpor$3536969 700 #1 $aPierné,$bGabriel,$f1863-1937$3240137 701 #1 $aMendès,$bCatulle,$f1841-1909$4070$3143200 702 ## $aDenis,$bL.,$f[fl. 184--189-]$4440$31249508 712 02 $aAlphonse Leduc$c(editor de música)$4340$3147426 801 #0 $aPT$bBN$gRPC 966 ## $lBN$mMUSICA$sM.P. 4655 A.$x3 997 ## $aBIBEOD
Etiqueta de registo: 00269ncm 2200145 450 001 1906875 003 http://id.bnportugal.gov.pt/bib/catbnp/1906875 100 ## $a20150729d1901 k y0pory01030103ba 101 0# $afre 102 ## $aFR 200 1# $a La fille de Tabarin$bMúsica impressa]$ecomédie lyrique en trois actes$fde MM. Victorien Sardou & Paul Ferrier, musique de Gabriel Pierné 208 ## $aPartition chant et piano 210 #9 $aParis$cChoudens,$dcop. 1901 215 ## $aPartitura (477 p.)$d28 cm 301 ## $aN.º de chapa: A.C. 11834 317 ## $aProv.: Doação da Academia de Música de Santa Cecília$5PTBN: A.M. 187 V. 500 10 $a La fille de Tabarin,$rV, pf 606 ## $aÓperas$zSéc. 19-20$x[Música impressa]$2SIPOR$31615403 606 ## $aMúsica em redução para canto e piano$2SIPOR$31246299 675 ## $a782"18/19"$vBN$zpor$31615404 675 ## $a784:786.2$vBN$zpor$3519118 675 ## $a78.089.6$vBN$zpor$3536969 700 #1 $aPierné,$bGabriel,$f1863-1937$3240137 701 #1 $aSardou,$bVictorien,$f1831-1908$4480$3109606 701 #1 $aFerrier,$bPaul Michel Raoul,$f1843-1920$4480$3787821 712 02 $aChoudens$c(Editores de música)$4650$3704176 801 #0 $aPT$bBN$gRPC 966 ## $lBN$mMUSICA$sA.M. 187 V. $x3
Etiqueta de registo: 00000ndm 2200025 001 2179872 003 http://id.bnportugal.gov.pt/bib/catbnp/2179872 100 ## $a20240826f18801940k y0pory01030103ba 102 ## $aPT 106 ## $ah 200 1# $aSerenade$bMúsica manuscrita]$fde Pierné 210 #1 $d[Entre 1880 e 1940] 215 ## $a6 partes$d29 x 21 cm 317 ## $aConservatório Nacional 317 ## $a"A. C. Silva" (carimbo) 317 ## $a"Violaria de J. M. Silva" (carimbo) 500 11 $aSerenatas, $r2vl, vla, vlc, cb, pf, $sop. 7,$uLá maior 675 ## $a78.089.6$vBN$zpor$3536969 700 #1 $aPierné,$bGabriel,$f1863-1937$3240137 712 01 $aPortugal.$bConservatório Nacional.$bEscola de Música$4390$31172174 801 #0 $aPT$bBN$gRPC 966 ## $lBN$mMUSICA$sC.N. 1818 971 ## $cCatmusica2$d20240826
Etiqueta de registo: 00000ndm 2200025 001 2188736 003 http://id.bnportugal.gov.pt/bib/catbnp/2188736 100 ## $a20241004f18871937k y0pory01030103ba 101 0# $gfre 102 ## $aPT 106 ## $ah 200 1# $aLa veillé de l'ange gardien$bMúsica manuscrita]$fPierné 210 #1 $d[Entre 1887 e 1937] 215 ## $a1 parte$d30 x 22 cm 300 ## $aO original é para piano 307 ## $aApenas a parte para 1.º violino 317 ## $aConservatório Nacional 330 ## $a"La veillé de l'ange gardien" é o número 3 do "Album pour mes petits ami" opus 14 500 11 $aPeças,$r2vl,$uLá maior ;$warr. 675 ## $a78.089.6$vBN$zpor$3536969 700 #1 $aPierné,$bGabriel,$f1863-1937$3240137 712 01 $aPortugal.$bConservatório Nacional.$bEscola de Música$4390$31172174 801 #0 $aPT$bBN$gRPC 966 ## $lBN$mMUSICA$sC.N. 5635 971 ## $cCatmusica2$d20241004
Etiqueta de registo: 00000ndm 2200025 001 2241322 003 http://id.bnportugal.gov.pt/bib/catbnp/2241322 100 ## $a20260106f18771930k y0pory01030103ba 101 0# $apor 102 ## $aPT 106 ## $ah 200 1# $aSérénade$bMúsica manuscrita]$fG. Pierné 210 #1 $d[Entre 1877 e 1930] 215 ## $a6 partes$d29 x 23 cm 317 ## $aIPPC, Departamento de Musicologia, Fundo Pavia de Magalhães 500 11 $aPeças,$r2 vl, vla, vlc, cb, pf,$sn.º 140 675 ## $a78.089.6$vBN$zpor$3536969 700 #1 $aPierné,$bGabriel,$f1863-1937$3240137 712 01 $aPortugal.$bInstituto Português do Património Cultural.$bDepartamento de Musicologia$4390$3285717 801 #0 $aPT$bBN$gRPC 966 ## $lBN$mMUSICA$sPM 993$x7 971 ## $cCatmusica8$d20260106 995 ## $aPRR2026 $d20260106$iCatmusica8
Etiqueta de registo: 00000ndm 2200025 001 2253011 003 http://id.bnportugal.gov.pt/bib/catbnp/2253011 100 ## $a20260122d1897 k y0pory01030103ba 101 0# $afre 102 ## $aPT 106 ## $ah 200 1# $a Les petits soldats de plomb$bMúsica manuscrita]$eMarche$fG. Pierné 210 #1 $aFigueira da Foz,$dAgosto de 1897 215 ## $a6 partes$d30 x 23 cm 317 ## $aIPPC, Departamento de Musicologia, Fundo Pavia de Magalhães 317 ## $aFilippe da Silva (carimbo) 317 ## $a154 (carimbo) 500 11 $aMarchas,$r2vl, vla, vlc, cb, pf 675 ## $a78.089.6$vBN$zpor$3536969 700 #1 $aPierné,$bGabriel,$f1863-1937$3240137 712 01 $aPortugal.$bInstituto Português do Património Cultural.$bDepartamento de Musicologia$4390$3285717 801 #0 $aPT$bBN$gRPC 966 ## $lBN$mMUSICA$sPM 5488$x7 971 ## $cCatmusica8$d20260122 995 ## $aPRR2026 $d20260122$iCatmusica8
Etiqueta de registo: 00000ndm 2200025 001 2254731 003 http://id.bnportugal.gov.pt/bib/catbnp/2254731 100 ## $a202601 f19201966k y0pory01030103ba 101 0# $afre$aspa 106 ## $ah 200 1# $aSerènade$bMúsica manuscrita]$fPierné$gRaul V. Serra e Villa 210 #1 $d[Entre 1920 e 1966] 215 ## $a3 partes$d31x 24 cm 300 ## $aAutoridade da cópia dada através de comparação de rubrica presente no final da parte
de piano com documento com a cota EMUS12 3. Apenas as partes de 1º violino, contrabaixo
e piano 317 ## $aAcademia de Música de Santa Cecília, Espólio de Raúl Serra e Villa 500 11 $aSerenatas,$rvl1, cb, pf 675 ## $a78.089.6$vBN$zpor$3536969 702 #1 $aPierné,$bGabriel,$f1863-1937$4100$3240137 712 02 $aAcademia de Música de Santa Cecília$4390$31638420 801 #0 $aPT$bBN$gRPC 966 ## $lBN$mMUSICA$sEMUS12 72$x7 971 ## $cCatmusica11$d20260126 995 ## $aPRR2026 $d20260126$iCatmusica11
Etiqueta de registo: 00000ndm 2200025 001 2263385 003 http://id.bnportugal.gov.pt/bib/catbnp/2263385 100 ## $a20260209f18801950k y0pory01030103ba 101 0# $afre 102 ## $a 106 ## $ah 200 1# $aSérénade$bMúsica manuscrita]$fpar G. Pierné 210 #1 $d[Entre 1880 e 1950] 215 ## $a6 partes$d24 x 31 cm 317 ## $a"F. F. Gazul - P. C. R. L." (carimbo) 317 ## $aColeção Valério Peres Franco 500 11 $aSerenatas,$r2vl, vla, vlc, cb, pf,$sOp. 7 ;$warr. 675 ## $a78.089.6$vBN$zpor$3536969 700 #1 $aPierné,$bGabriel,$f1863-1937$3240137 702 #1 $aGazul,$bFrancisco de Freitas,$f1842-1925$4390$332058 801 #0 $aPT$bBN$gRPC 966 ## $lBN$mMUSICA$sVPF 2956$x7 971 ## $cCatmusica3$d20260209 995 ## $aPRR2026 $d20260209$iCatmusica3
Etiqueta de registo: 00000ndm 2200025 001 2263202 003 http://id.bnportugal.gov.pt/bib/catbnp/2263202 100 ## $a20260209f18831930k y0pory01030103ba 101 0# $afre 102 ## $aPT 106 ## $ah 200 1# $a La Veillée de L'Ange Gardien$bMúsica manuscrita]$fGabriel Pierné 210 #1 $d[Entre 1883 e 1930] 215 ## $a7 partes$d30 x 23 cm 317 ## $aColeção Valério Peres Franco 500 11 $aPeças,$r2vl, vla, vlc,$sop. 14, n.º 3 675 ## $a78.089.6$vBN$zpor$3536969 700 #1 $aPierné,$bGabriel,$f1863-1937$3240137 801 #0 $aPT$bBN$gRPC 966 ## $lBN$mMUSICA$sVPF 3497$x7 971 ## $cCatmusica10$d20260209 995 ## $aPRR2026 $d20260209$iCatmusica10
Etiqueta de registo: 00000ndm 2200025 001 2264524 003 http://id.bnportugal.gov.pt/bib/catbnp/2264524 100 ## $a20260210f18801950k y0pory01030103ba 101 0# $afre 102 ## $aPT 106 ## $ah 200 1# $aSèrènade pour instruments a cordes$bMúsica manuscrita]$fpar G. Pierné 210 #1 $d[Entre 1880 e 1950] 215 ## $a1 partitura (4 p.) e 4 partes$d22 x 30 cm 306 ## $aA parte (4) está impressa 317 ## $aColeção Valério Peres Franco 500 11 $aSerenatas,$r2vl, vla, vlc, cb 675 ## $a78.089.6$vBN$zpor$3536969 700 #1 $aPierné,$bGabriel,$f1863-1937$3240137 801 #0 $aPT$bBN$gRPC 966 ## $lBN$mMUSICA$sVPF 3521$x7 966 ## $lBN$mMUSICA$sVPF 3522$x7 971 ## $cCatmusica4$d20260210 995 ## $aPRR2026 $d20260210$iCatmusica4
Etiqueta de registo: 00000ndm 2200025 001 2273858 003 http://id.bnportugal.gov.pt/bib/catbnp/2273858 100 ## $a20260302f19001944k y0pory01030103ba 101 0# $afre 102 ## $aPT 106 ## $ah 200 1# $aPartituras de Sexteto$bMúsica manuscrita]$fA. Mantua 210 #1 $d[Entre 1900 e 1944] 215 ## $a1 partitura (154 p.)$d30 x 23 cm 317 ## $aEspólio de Alfredo Mântua 330 ## $aDe Ed. Grieg: "I Le Matin Morgenstimmung Op. 46", "II La Mort d'Ase Ases Tod Op. 46",
"III La Danse d'Anitra Anitrass Tanz Op. 46", "IIII Dans la balle du Roi de Montagne
In der Halle des Bergkönigs Op. 46" ; "Bi-Ba-Bo Dança americana A. de Lerdo" ; De
Poise: "Entr'acte de Jolir Gilles", "Pas de Pierrots et des Pierrettes" ; De Schubert:
"Moment Musical", "Entr'acte de Rosemonde" ; "Marcia Funebre d'una Marionette Ch.
Gounod" ; "Le Billet de Marguerite ouverture" ; "Allg.tto gracioso" ; " Serenata de
Pierné" ; "1ª Selecção de Fados originaes de Alfredo Mantua" , "2ª Selecção de Fados
originaes de Alfredo Mantua" 500 11 $aPeças,$r2vl, vla, vlc, cb, pf ;$warr. 675 ## $a78.089.6$vBN$zpor$3536969 702 #1 $aGrieg,$bEdvard,$f1843-1907$4230$340069 702 #1 $aLerdo,$bA. de,$ffl. 1900$4230$31988094 702 #1 $aPoise,$bJean Alexandre Ferdinand, $f1828-1892$4230$31262798 702 #1 $aSchubert,$bFranz,$f1797-1828$4230$393997 702 #1 $aGounod,$bCharles,$f1818-1893$4230$338487 702 #1 $aPierné,$bGabriel,$f1863-1937$4230$3240137 702 #1 $aGevaert,$bFrançois-Auguste,$f1828-1908$4230$3166518 702 #1 $aMântua,$bAlfredo,$f1880-1944$4230$380191 801 #0 $aPT$bBN$gRPC 966 ## $lBN$mMUSICA$sEMUS16 3558$x7 971 ## $cCatmusica10$d20260302 995 ## $aPRR2026
Etiqueta de registo: 00000ndm 2200025 001 2276274 003 http://id.bnportugal.gov.pt/bib/catbnp/2276274 100 ## $a20260305f19101940k y0pory01030103ba 101 0# $apor 102 ## $aPT 106 ## $ah 200 1# $aSérénade$bMúsica manuscrita]$fpor G. Pierné 210 #1 $d[Entre 1910 e 1940] 215 ## $a11 partes$d22 x 31 cm 317 ## $aEspólio de Alfredo Mântua 500 11 $aSerenatas,$r2vl, vla, vlc, cb 675 ## $a78.089.6$vBN$zpor$3536969 700 #1 $aPierné,$bGabriel,$f1863-1937$3240137 801 #0 $aPT$bBN$gRPC 966 ## $lBN$mMUSICA$sEMUS16 3893$x7 971 ## $cCatmusica12$d20260305 995 ## $aPRR2026
Etiqueta de registo: 00000ndm 2200025 001 2276237 003 http://id.bnportugal.gov.pt/bib/catbnp/2276237 100 ## $a20260305f19101940k y0pory01030103ba 101 0# $apor 102 ## $aPT 106 ## $ah 200 1# $aSerenata$bMúsica manuscrita]$fde Pierné 210 #1 $d[Entre 1910 e 1940] 215 ## $a6 partes$d23 x 30 cm 317 ## $aEspólio de Alfredo Mântua 500 11 $aSerenatas,$r2vl, vla, vlc, cb, pf 501 1# $aSextetos 675 ## $a78.089.6$vBN$zpor$3536969 700 #1 $aPierné,$bGabriel,$f1863-1937$3240137 801 #0 $aPT$bBN$gRPC 966 ## $lBN$mMUSICA$sEMUS16 3891$x7 971 ## $cCatmusica12$d20260305 995 ## $aPRR2026
Etiqueta de registo: 00000ndm 2200025 001 2277182 003 http://id.bnportugal.gov.pt/bib/catbnp/2277182 100 ## $a20260306d1919 k y0pory01030103ba 101 0# $apor 102 ## $aPT 106 ## $ah 200 1# $aSerenade$bMúsica manuscrita]$fde Pierné 210 #1 $a4 partes$d22 x 32 cm 215 ## $aCeia,$d29/4/1919 300 ## $aNa parte de piano contém o nome D. Deolinda 306 ## $aLocal e data extraidos da última página da parte de piano 317 ## $aEspólio do Maestro Silva Pereira 500 11 $aSerenatas,$rvl, vlc, cb, pf 675 ## $a78.089.6$vBN$zpor$3536969 700 #1 $aPierné,$bGabriel,$f1863-1937$3240137 801 #0 $aPT$bBN$gRPC 966 ## $lBN$mMUSICA$sEMUS18 545$x7 971 ## $cCatmusica3$d20260306 995 ## $aPRR2026
|
|
|